[Event "ISR-chT"]
[Site "Israel"]
[Date "2002.04.19"]
[Round "9"]
[White "Gershon, Alik"]
[Black "Maryasin, Boris Feliksovich"]
[Result "1-0"]
[WhiteElo "2558"]
[BlackElo "2398"]
[Annotator "Gershon,A"]
[PlyCount "59"]
[EventDate "2002.01.10"]
[EventType "team"]
[EventRounds "11"]
[EventCountry "ISR"]
[SourceTitle "CBM 088"]
[Source "ChessBase"]
[SourceDate "2002.03.21"]
[SourceVersion "1"]
[SourceVersionDate "2002.03.21"]
[SourceQuality "1"]

1. d4 d5 2. c4 dxc4 3. e3 Nf6 4. Bxc4 e6 5. Nf3 c5 6. O-O a6 7. Bb3 Nc6 8. Nc3
Be7 (8... cxd4 {is the more common move}) 9. dxc5 {taking advantage of the
fact black has already moved his bishop. This way white gains a tempo, which
allows him to build up a nice initiative in the endgame.} Qxd1 10. Rxd1 Bxc5
11. Bd2 Bd7 12. Na4 $6 {Too early! By removing the knight from c3 white gives
black the important square on e4} ({In my previous games I played the correct:
} 12. Rac1 Ba7 13. Be1 Ke7 14. Na4 Rhd8 (14... b6 {was interestingly punished
by white:} 15. Rxd7+ $1 Kxd7 16. Nxb6+ Bxb6 17. Ba4 {Winning back a piece.} Kc8
(17... Rac8 {loses to Ne5}) 18. Ne5 Kb8 19. Nxc6+ {white has a pawn for an
exchange and a very strong initiative.} Kb7 20. Ne5 Rac8 21. Bc6+ Ka7 22. Nxf7
$16 {white went on to win the game: Karpov,A-Gulko,B 1996}) 15. Nc5 Bxc5 16.
Rxc5 Be8 17. Rcc1 {a mistake} ({by continuing} 17. Rdc1 {white kept the
pressure along the 'c' file and maintained the advantage.}) 17... Rxd1 18. Bxd1
Bd7 {now black is ok.} 19. Be2 Rc8 20. Rd1 Nd5 21. e4 Nf4 22. Bc4 f6 23. g3 Ng6
24. Kg2 {1/2-1/2 Gershon,A-Bykhovsky,A/Tel Aviv 2000/CBM 77 (24)}) 12... Ba7
13. Rac1 Ne4 $1 {If allowed to, why not improve the pieces' positions?} 14. Be1
Rd8 ({worse is:} 14... b5 {since it weakens the 'c' file in general and the
knight on c6 in particular.} 15. Nc3 Nc5 16. Bc2 Ke7 17. a3 $1 {[%cal Gb2b4]
expoiting the bad position of black's knight}) 15. Rc4 $5 {The idea of this
move is either make black's kngiht leave the central square, or make him play
f5, which, in turn, will weaken importnant squares in the center (e6, e5).} f5
{now , b7-b5 winning an exchage in threatening.} ({of course:} 15... Nf6 16.
Nc5 Bxc5 17. Rxc5 {allowing white to get the bishop pair, wasn't exactly in
black's plans.}) 16. Rcc1 {white lost two tempi provoking f5, but it was worth
it.} Ke7 ({of course not:} 16... O-O 17. Rxd7 $1 Rxd7 18. Bxe6+ {winning}) 17.
Nc3 {Time to admit the mistake. The knight had nothing to do on a4.} Nc5 $2 {
Misplacing the knight!} ({the natural:} 17... Nf6 {should have been preferred}
18. Bc2 {[%cal Ge3e4] with the idea of e3-e4 would be my reaction, but the
position remains about equal.}) 18. Bc2 Bc8 {black wants to solve all his
problems in a straightforward way. It's clear that once the rooks are off the
board, white can't talk about any kind of advantage. Therefore,} 19. Nd4 $1 {
both keeping the rooks on the boads and underlining the bad position of
black's knight on c5 (in case of Nxd4).} Rd6 (19... Nxd4 20. exd4 Nd7 21. d5
Nf6 22. Bb3 {White's pieces are much more active. That, together with the
unsecure position of black's king determines white's advantage.}) 20. Nxc6+ $1
{the beginning of a forced line, allowing white to fully exploit black's
discoordination.} Rxc6 21. b4 Nd7 {[%csl Rc8,Rd7,Rh8] black's pieces are very
passive, and the king in the center. White's continuation is obvious:} 22. e4 {
Opening the position. White must play energetically before black consolidated
with: Nf6, Rd8 etc.} f4 {a good reaction! Black cannot afford himself openning
the center at this time.} (22... fxe4 23. Bxe4 Rd6 24. Rxd6 Kxd6 25. Bf3 $16)
23. b5 $1 Rd6 ({after:} 23... axb5 24. Nxb5 {[%cal Ge1b4] the bishop is ready
to join the party (Bb4)} Bc5 25. e5 $1 {with the threat: Be4. White's position
would be close to winning}) 24. Rxd6 Kxd6 {Black's king is open, the pieces
are passive. There must be a way to expoit that. However, white's pieces don't
have good squares either. Or do they?} 25. e5+ $1 {the point of white's
strategy. With this pawn sacrifice white is freeng the key square (e4) for his
pieces. Once white's knight is on e4black's position will become critical.}
Kxe5 {other moves were no better:} (25... Ke7 26. Ne4 Nc5 27. Nxc5 Bxc5 28.
Bxh7 {with a decisive advatage for white}) (25... Nxe5 26. Ne4+ Ke7 (26... Kc7
27. Bc3 Ng4 28. Bd1 $1 {The next move of white's dark squared bishop will win
something big with a discovered check.})) (25... Kc7 {the best chance} 26. Ne4
Nxe5 27. Bb4 {white's initiative is too strong}) 26. Ne4 $1 {not allowing the
king come back.} Nf6 (26... Bd4 27. Bb4 {and white's win is just a matter of
time.}) 27. Ng5 {[%cal Gg5f7]} Re8 {white has a sweet choice between Nf7 and
Bc3} (27... Rf8 28. Bb4) 28. Bc3+ Kd6 (28... Bd4 {loses a piece:} 29. Nf3+) 29.
Bb4+ Kd7 (29... Kc7 30. Bg6+ Kb8 31. Bd6+ Ka8 32. Bxe8 {black loses the whole
set}) (29... Bc5 30. Rd1+ Nd5 31. Ne4+ {piece again...}) 30. b6 $1 {black is
not just losing a piece, he can hardly defend from a mate! Look how
uncoordinated black's pieces are!} (30. b6 Bxb6 31. Ba4+ Kd8 32. Nf7#) 1-0

[Event "Elbow Beach Club GM-A"]
[Site "Paget Parish"]
[Date "2001.01.30"]
[Round "9"]
[White "Gershon, Alik"]
[Black "Lesiege, Alexandre"]
[Result "1-0"]
[WhiteElo "2540"]
[BlackElo "2582"]
[Annotator "Gershon,A"]
[PlyCount "107"]
[EventDate "2001.01.20"]
[EventType "tourn"]
[EventRounds "10"]
[EventCountry "BER"]
[EventCategory "13"]
[SourceTitle "CBM 081"]
[Source "ChessBase"]
[SourceDate "2001.03.20"]
[SourceVersion "1"]
[SourceVersionDate "2001.03.20"]
[SourceQuality "1"]

{[%mdl 1] RR} 1. d4 d5 2. c4 dxc4 3. e3 Nf6 4. Bxc4 e6 5. Nf3 c5 6. O-O a6 7.
Bb3 cxd4 8. exd4 Nc6 9. Nc3 Be7 10. Re1 O-O 11. a3 b5 {This line considered to
be not too dangerous for black. However, with despite the drawish tendencies
of the arising position black should play carefully in order to equalize} 12.
d5 exd5 13. Nxd5 Nxd5 14. Bxd5 (14. Qxd5 Na5 $5 (14... Bb7 15. Qf5 Bf6 16. Bg5
Nd4 17. Bxf6 Nxf5 18. Bxd8 Raxd8 19. Bc2 {1/2-1/2 Piket,J-Ponomariov,R/
Istanbul TUR 2000/The Week in Chess 314 (19)}) 15. Ba2 Ra7 16. Qh5 Nc4 17. b3
Nxa3 18. Bb2 b4 19. Ne5 Qb6 20. Rad1 Rc7 21. Re2 Bf6 22. h3 Qb5 {1/2-1/2
Sasikiran,K-Prakash,G/Mumbai IND 2000/The Week in Chess 292 (22)}) 14... Bb7
15. Ne5 (15. Bf4 Bf6 16. Rc1 Qd7 (16... Na5 17. Bxb7 Nxb7 18. b4 Bb2 19. Rc7
Qxd1 20. Rxd1 Nd8 21. Rc2 Bf6 $11 {1/2-1/2 Stefansson,H-Lesiege,A/Varadero CUB
2000/The Week in Chess 288 (31)}) (16... Rc8 17. b4 Qd7 18. Bg5 Bxg5 19. Nxg5
Qf5 20. Rc5 $1 Qg6 21. Be4 f5 22. Rxf5 Rxf5 23. Bxf5 Qxf5 24. Qb3+ Kf8 25. Ne6+
$18 {1-0 Huzman,A-Zilberman,Y/Ramat Aviv ISR 2000/The Week in Chess 287 (31)})
17. Bg5 Bxg5 18. Nxg5 h6 19. Ne6 Rfe8 20. Bxc6 Bxc6 21. Qxd7 Bxd7 22. Nc5 Rxe1+
23. Rxe1 Bc6 24. f3 $14 {1-0 Vladimirov,E-Sorokin,M/Hyderabad IND 2000/The
Week in Chess 299 (46)}) 15... Rc8 $146 {This is actually a novelty. I suppose
the reason nobody has played it before is 16.Nd7. However,Alex has prepared a
nice tactical shot on white's next, obvious, move!} (15... Nxe5 $142 16. Bxb7
Ra7 17. Be4 Bf6 {Avrukh - Har Zvi, Tel Aviv 99, 1/2:1/2}) 16. Nd7 $1 {
Objectively speaking, this move only gives white a draw, but for this black
has to find around 12-15 strong defencive moves.} {[%tqu "En","Should black
resign, or does he have a defence?","","","e7b4","The only way to continue,
and what a way!Black frees up the 7th rank , so he can now take the N.The only
problem (for black, of course) is that white can sac half of his pieces, and
still mate!",10,"f8e8","Loses on the spot",0,"d8d7","",0]} Bb4 $1 {The only
way to continue, and what a way! Black frees up the 7th rank , so he can now
take the N. The only problem (for black, of course) is that white can sac half
of his pieces, and still mate!} (16... Re8 $4 {Loses on the spot} 17. Bxf7+
Kxf7 18. Qd5+ Kg6 19. Qe4+ Kf7 (19... Kh5 20. Qxh7+ Kg4 21. f3#) 20. Qe6#) (
16... Qxd7 $4 17. Bxf7+ $18) 17. Qg4 $1 {Of course!} (17. axb4 Qxd7 $15) 17...
h5 $8 (17... Bxe1 18. Bh6 Bxf2+ (18... g6 19. Rxe1 Ne5 20. Rxe5 $18 {[%cal
Gh6c1]}) 19. Kxf2 $18 {Look at the white N, completely paralizing black's
pieces}) 18. Qxh5 Bxe1 {Looks like black is simply a rook up, with one more
white piece hanging. Well, not really.....} (18... Qxd7 19. axb4 {is lost for
black due to his bad king}) {[%tqu "En","Does white have any compesation for
the rook?","","","c1h6","The point of white's 16th move! White is threatenning
Qg6 and it is much harder to prevent is than it looks.",10]} 19. Bh6 $3 {
The point of white's 16th move! White is threatenning Qg6 and it is much
harder to prevent is than it looks.} Bxf2+ $8 {starting from now Alex defended
fantastically making 10 only moves, only failing to make two more to achieve a
draw.} (19... Qxd7 20. Qg6 $18) (19... Ne7 20. Nf6+ $1 gxf6 21. Qg4+ Ng6 22.
Qxg6+ Kh8 23. Qg7#) (19... Bd2 20. Nxf8 {[%csl Rf7][%cal Gh5f7]} Qxf8 21. Bxd2
$18) (19... Nd4 20. Bxg7 $1 Kxg7 21. Qg4+ Kh6 22. Bxb7 Rc2 23. Rxe1 $18) 20.
Kxf2 (20. Kh1 $4 Qh4 $19 {white cannot let black taking over the 'h' file})
20... Ne5 $3 {The only way to defend from Qg6, and Bg7} 21. Bxg7 $1 {After the
game Alex told me that there were 9 successive sacrafises in this game, for
both sides. (go back to move 16 and count - really amazing)} (21. Qxe5 $2 Qh4+
22. Kg1 Qxh6 23. Bxb7 Rc1+ 24. Rxc1 Qxc1+ 25. Kf2 Qd2+ {is even losing for
white}) 21... Nd3+ 22. Kg1 (22. Kf1 {to stay way from checks along the long
diagonal}) 22... Kxg7 23. Qg4+ Kh6 $8 (23... Kh7 $4 24. Bxb7 Rc7 25. Be4+ $18)
(23... Kh8 $2 24. Qd4+ f6 25. Qh4+ Kg7 26. Qg4+ Kh8 27. Qh3+ Kg7 28. Bxb7 $18)
24. Qh3+ Kg7 25. Qg3+ Kh8 $8 ({and now} 25... Kh6 {loses} 26. Qd6+ f6 27. Bxb7
Rc7 28. Qxf8+ Qxf8 29. Nxf8 Rxb7 30. b3 Re7 31. Rd1 $18) 26. Qh3+ Kg7 27. Bxb7
Rc7 28. Qg4+ Kh8 $4 {Finally my opponent made a mistake! The reason
isdescribed in the annotation} (28... Kh6 $1 29. Qh3+ (29. Nxf8 $4 Rc1+ $1 30.
Rxc1 Qb6+ $19) ({the reason black rejected 28...Kh6 was:} 29. Rf1 Rxd7 (29...
Qxd7 30. Rf6+ Kh7 31. Qh5+ Kg7 32. Qg5+ Kh7 33. Rh6#) (29... Rxb7 30. Rf6+ $18)
(29... f5 {this was the move that concerned me the most during the game}) 30.
Rf3 {We both considered this position to be winning for white during the game,
since after 30...Qb6 31.Kf1 black has no chekcs, and cannot defend from the
mate threat. However, the refutation was spoted by fritz in less than half a
second....} Nf2 $8 31. Kxf2 Rd2+ 32. Kf1 Rd1+ {and only black can win here.})
29... Kg7 30. Qg4+ (30. Be4 Rxd7 31. Qh7+ Kf6 32. Rf1+ Ke7 33. Bxd3 Qb6+ 34.
Kh1 Qd4 {and black is the one winning here}) 30... Kh6 $11) 29. Qd4+ $1 {
Now the game is lost for black.} f6 (29... Kg8 30. Nf6+ Kg7 31. Ne8+ $18 {
[%cal Gd4d8]}) 30. Qh4+ Kg7 31. Nxf8 {[%cal Gf8e6,Ye6g7,Ye6d8] The point.f7-f6
is probably the worst move black can be forced to make in the position! 1.It
gives white the fantastic place for the Q on h6, from where is controls both
the 'd4' and 'f2' squares, to make sure there are no disasters on the diagonal.
2.the 'e6' square is weakenned, forcincg black to react on Nxf8} Qd6 $1 {
Alexander is fighting greately. Once again he finds the strongest defence.} (
31... Qxf8 32. Qg3+ Kh8 33. Qxc7 {[%cal Gc7c5] protecting the 'c5' square}) (
31... Kxf8 32. Qh8+ Ke7 33. Qxd8+ Kxd8 34. Bxa6 $18) 32. Be4 $1 (32. Ne6+ Qxe6
33. Qg3+ Kh8 34. Qxd3 Rxb7 {is, of course, winning, but I wanted a ' cleaner'
win}) 32... Rc1+ (32... Qd4+ 33. Kf1 Kxf8 34. Rd1 Rc1 (34... Rh7 $1 35. Qf4 $1
Nxf4 36. Rxd4 Rxh2 37. Rd6 $18) 35. Rxc1 Nxc1 36. Qh6+ Ke7 37. Qxc1 Qxe4 38.
Qe1 $18) 33. Rxc1 Nxc1 34. Bf3 $1 {The difference between the light pieces is
too big} ({of course not} 34. Nh7 Qd1+ 35. Kf2 Qe2+ 36. Kg3 Qe3+ 37. Bf3 Ne2+
38. Kh3 Ng1+ $11) 34... Qxf8 (34... Kxf8 35. Qh6+ {[%csl Rc1]}) 35. Qg3+ {
The next moves where made in serious time trouble} Kh8 36. Qh3+ Kg7 37. Qg4+
Kh8 38. Qh5+ Kg7 39. Qg4+ Kh8 40. Qh3+ Kg7 41. Qd7+ {The win is forced now} Kh8
42. Be4 Qh6 $8 43. Qe8+ Kg7 44. Qe7+ $1 {Taking the 'e3' square under control}
Kh8 45. Bd5 {[%csl Re3] /\ Qe8' Qg8#} Qf4 $8 46. Qf8+ Kh7 47. Bg8+ Kg6 (47...
Kh8 48. Bf7+ Kh7 49. Qg8+ Kh6 50. Qg6#) 48. Bf7+ Kf5 (48... Kg5 49. Qc5+ Qe5 $8
(49... Kh6 50. Qh5+ Kg7 51. Qg6+ Kf8 52. Qg8+ Ke7 53. Qe8+ Kd6 54. Qb8+ $18) (
49... f5 50. Qe7+ Kg4 (50... Kh6 51. Qf6+) 51. h3+ Kg3 52. Qe1+)) 49. Qc5+ Ke4
50. Bd5+ Kf5 51. Bf7+ Ke4 52. Bg6+ f5 53. Bxf5+ Qxf5 54. Qxc1 {The position is
easily winning due to the bad placing of black K} 1-0

[Event "Capablanca Memorial Elite 53rd"]
[Site "Havana"]
[Date "2018.05.10"]
[Round "2"]
[White "Dreev, Alexey"]
[Black "Rakhmanov, Alexander"]
[Result "1-0"]
[WhiteElo "2653"]
[BlackElo "2635"]
[Annotator "Golubev,M"]
[PlyCount "88"]
[EventDate "2018.05.09"]
[EventType "tourn"]
[EventRounds "10"]
[EventCountry "CUB"]
[EventCategory "16"]
[SourceTitle "CBM 185"]
[Source "ChessBase"]
[SourceDate "2018.07.13"]
[SourceVersion "1"]
[SourceVersionDate "2018.07.13"]
[SourceQuality "1"]

1. d4 Nf6 2. Nf3 e6 3. c4 a6 4. e3 d5 5. b3 dxc4 6. Bxc4 c5 7. O-O cxd4 8. Nxd4
{The players have transposed to a variation known for a long time, where White
has just a small advantage.} Bd7 9. Bb2 Nc6 10. Nd2 (10. Nf3 Be7 11. Nbd2 O-O
12. Rc1 Rc8 13. Qe2 Nb4 14. a3 b5 15. axb4 bxc4 16. Nxc4 Bxb4 17. Ra1 Bb5 $11 {
Giri-Caruana, London 2016.}) 10... Nxd4 11. Bxd4 Bc6 12. Be2 Bb4 $1 $146 13.
Nc4 O-O 14. Bf3 Nd5 $2 {A strange, big mistake.} ({After} 14... Rc8 {Black
would hardly have had any problems.}) 15. Bxd5 Bxd5 16. Qg4 g6 17. Nb6 $16 f5 (
{Black's position after} 17... Rb8 {is not a piece of cake either.}) 18. Qg3
Bd6 19. f4 Rb8 20. Rad1 Rf7 (20... Qe8 $5) 21. Nxd5 exd5 22. Qf3 ({A more
romantic approach was} 22. h4 $1 $16 {but Dreev prefers to win the pawn.})
22... Rc8 23. Qxd5 {It would be a great exaggeration to say that the victory
was guaranteed for White here or later in the game, but eventually Dreev
achieved the desired result.} Bf8 24. Qxd8 Rxd8 25. Bb6 Re8 26. a4 Rc8 27. Rd3
Rc6 28. Ba5 Rc2 29. Rfd1 Bc5 30. R1d2 Rc1+ 31. Kf2 Re7 32. Bd8 Re8 33. Bf6 Bb4
34. Rd1 Rxd1 35. Rxd1 Kf7 36. Bd4 Rc8 37. Kf3 Rc2 38. h3 h5 39. g3 Ke6 40. e4
Bc3 41. exf5+ gxf5 42. Ke3 Ba5 43. Be5 Bb6+ 44. Kd3 Ba5 1-0

[Event "FIDE World Cup 7-8"]
[Site "Khanty-Mansiysk"]
[Date "2005.12.16"]
[Round "7.2"]
[White "Gurevich, Mikhail"]
[Black "Rublevsky, Sergei"]
[Result "1/2-1/2"]
[WhiteElo "2652"]
[BlackElo "2652"]
[Annotator "Gurevich,M"]
[PlyCount "83"]
[EventDate "2005.11.27"]
[EventType "k.o."]
[EventRounds "7"]
[EventCountry "RUS"]
[SourceTitle "CBM 111"]
[Source "ChessBase"]
[SourceDate "2006.04.04"]
[SourceVersion "1"]
[SourceVersionDate "2006.04.04"]
[SourceQuality "1"]

1. d4 d5 2. c4 dxc4 3. Nf3 e6 4. e3 c5 5. Bxc4 a6 6. O-O Nf6 7. Bd3 Nbd7 8. Re1
b5 9. a4 bxa4 10. e4 cxd4 11. e5 Nd5 12. Rxa4 Bb4 13. Bd2 Bxd2 14. Nbxd2 Nc5
15. Rxd4 Nxd3 16. Rxd3 O-O 17. Nc4 a5 18. Rd4 $5 Ba6 19. Nd6 Rb8 20. Qd2 Qb6
21. Rg4 Ne7 22. h4 Nf5 $5 (22... Qxb2 $2 23. Qg5 Ng6 24. h5 h6 25. Qe3 $1 Rb3
26. Qd2 $1 Qxd2 (26... Ne7 27. Qxh6) (26... Nxe5 27. Rxe5 Qxd2 28. Nxd2 Rd3 29.
N6c4 $18) 27. Nxd2 Rd3 28. hxg6 Rxd2 29. gxf7+ Kh7 30. Ra4 Rd5 31. f4 $18 {
1-0 Sasikiran,K-Rublevsky,S/Khanty Mansyisk RUS 2005/The Week in Chess 578 (50)
}) 23. h5 $5 h6 $1 {[/\24...Qxb2;} (23... Qxb2 $2 24. Nxf5 exf5 (24... Qxd2 25.
Ne7+ Kh8 26. Nxd2) 25. Rxg7+ Kxg7 26. Qg5+ Kh8 27. Qf6+ Kg8 28. h6) 24. b4 $5 (
24. Nxf5 exf5 25. Ra4 Qxb2 $11) 24... axb4 25. Nd4 Bc8 (25... Nxd4 26. Qxh6) (
25... Nxd6 26. exd6 (26. Qxh6 Ne8 27. Re3 Qxd4 $19) 26... Rfd8 (26... Qxd6 $2
27. Rxg7+ Kxg7 28. Nf5+) 27. Qb2 $1 $40) (25... b3 26. N4xf5 exf5 27. Nxf5 b2
28. Rxg7+ Kh8 29. e6 $18) (25... Bc8 {Diagram}) 26. Re3 $1 {[/\27.Reg3]} Nxe3
27. Qxe3 Kh8 (27... f5 28. exf6 Rxf6 29. Qe5 Kh8 (29... Kf8 30. N4f5 $1) 30.
Ne8 $40) 28. Rf4 $6 (28. Rxg7 $1 Kxg7 29. Qg3+ Kh7 30. Qd3+ Kh8 (30... f5 31.
exf6+ Kh8 32. Qg6 Rb7 33. Qxh6+ Kg8 34. Qg6+ $11) 31. Qe3 $11) (28. Qg3 b3 29.
Rxg7 Qxd6 $3 (29... b2 30. Nxf7+ Rxf7 31. Rg8+ Kh7 32. Qg6#) 30. Rh7+ (30. Rxf7
Rxf7 31. exd6 b2 $19) 30... Kxh7 31. exd6 b2 $17) 28... Kg8 (28... Qc7 29. Nb3
$44 (29. Rf6 b3 30. Rxh6+ Kg8 $19)) (28... b3 $5 29. Nxf7+ Rxf7 30. Rxf7 Qd8 $1
$13) 29. Qg3 Bd7 (29... b3 $1 30. Rg4 Qxd6 $3) 30. Rg4 Kh8 31. Nb3 Qa6 $5 {
[/\Qa6-e2-d1-h5]} (31... Ba4 32. Rxg7 Qa7 $5 (32... Bxb3 33. Rxf7 Rg8 34. Qd3
$18) 33. Na5 $5 b3 34. Nac4 Bc6 35. Kh2 $13) 32. Rxg7 $138 (32. Nc5 $5 Qc6 33.
Rxg7 Qd5 $1 (33... Qxc5 34. Nxf7+ Rxf7 35. Rxf7 Qc1+ 36. Kh2 Qg5 $11) 34. Kh2
$5 $36) 32... Qe2 $1 33. Rg4 (33. f3 $5 Qe3+ (33... Ba4 $5) 34. Kh2 Ba4 (34...
Qxb3 35. Rxf7 Rg8 36. Qf4 $18) 35. Na5 $5 (35. Nxf7+ Rxf7 36. Rxf7 Rg8 $17)
35... b3 36. Nxf7+ Rxf7 37. Rxf7 Rg8 38. Qf4 Qxf4+ 39. Rxf4 Rb8 40. Nc4 Be8 41.
Rf6 $14) 33... Rg8 $1 34. Nxf7+ Kh7 35. Nxh6 $1 Kxh6 36. Qf4+ $11 (36. Rxg8
Qd1+ 37. Kh2 Qxh5+) 36... Kh7 37. Qf7+ Kh8 38. Qf6+ Kh7 39. Qe7+ Kh8 40. Qf6+
Kh7 41. Qf7+ Kh8 42. Qf6+ 1/2-1/2